| 000 | 01650cam a22004098i 4500 | ||
|---|---|---|---|
| 999 |
_c527788 _d527788 |
||
| 001 | 18476736 | ||
| 003 | NUST | ||
| 005 | 20190809045419.0 | ||
| 008 | 150130t20162016nyu 001 0 eng c | ||
| 010 | _a 2014041443 | ||
| 020 | _a9780077687342 (hardcover) | ||
| 038 | _aSMME | ||
| 040 |
_aOU/DLC _beng _erda _cOU _dDLC |
||
| 042 | _apcc | ||
| 050 | 0 | 0 |
_aTA350 _b.B35523 2016 |
| 082 | 0 | 0 |
_a620.105 _223 _bBEE |
| 100 | 1 |
_aBeer, Ferdinand P. _q(Ferdinand Pierre), _d1915-2003, _eauthor. _919220 |
|
| 245 | 1 | 0 |
_aVECTOR MECHANICS FOR ENGINEERS STATICS \ _pDynamics / _cFerdinand P. Beer (Late of Lehigh University), E. Russell Johnston, Jr. (Late of University of Connecticut), David F. Mazurek (U.S. Coast Guard Academy). |
| 246 | 3 | 0 | _aDynamics |
| 250 | _a11th ed.. | ||
| 263 | _a1601 | ||
| 264 | 1 |
_aNew York, NY : _bMcGraw-Hill Education, _c[2013] |
|
| 264 | 4 | _c©2013 | |
| 300 | _apages cm | ||
| 336 |
_atext _2rdacontent |
||
| 337 |
_aunmediated _2rdamedia |
||
| 338 |
_avolume _2rdacarrier |
||
| 500 | _aIncludes index. | ||
| 505 | 0 | _aStatics of particles -- Rigid bodies: equivalent systems of forces -- Equilibrium of rigid bodies -- Distributed forces: centroids and Centers of gravity -- Analysis of structures -- Forces in beams and cables -- Friction -- Distributed forces: moments of inertia -- Method of virtual work. | |
| 650 | 0 |
_aStatics. _91020 |
|
| 650 | 0 |
_aDynamics. _97202 |
|
| 700 | 1 |
_aJohnston, E. Russell _q(Elwood Russell), _d1925-2010, _eauthor. _919221 |
|
| 700 | 1 |
_aMazurek, David F. _q(David Francis), _eauthor. _919222 |
|
| 906 |
_a7 _brip _corignew _d1 _eecip _f20 _gy-gencatlg |
||
| 942 |
_2ddc _cBK |
||